000 00514nam a2200169 i 4500
001 27716
003 ES-MaACL
005 20251014063058.0
007 t|
008 030115s1922 sp ||||1| spa d
100 1 _aAzcárate, Pablo de,
_d1890-1971
_924248
245 1 3 _aLa guerra y los servicios públicos de carácter industrial
_b: la nueva Ley inglesa de ferrocarriles.
260 _a[S.l. :
_bs.n.,
_c1922]
300 _a34 p. ;
_c22 cm.
852 _aES-MaACL
_j1643-F-11
999 _c27716
_d27716